000 00890nam a2200253 4500
003 OSt
005 20260601171010.0
008 260421b2003\\\\ag\a||||\||||\00|\0\spa\d
020 _a9879393260
040 _aICI
_bspa
_cICI
050 _aNC997
_bS43
100 1 _a Shakespear, Ronald
_d1941
_932885
245 1 _aSeñal de Diseño
_bmemoria de la práctica
_cRonald Shakespear ; introducción y notas , Jorge Frascara ; prólogo, Carlos Méndez Mosquera
264 _b Infinito
_c2003
_aBuenos Aires
300 _a188 páginas
_b ilustraciones, fots. (algunas a color), retratos
_c29.5 cm
336 _atexto
_2rdacontent
337 _asin medio
_2rdamedia
338 _avolumen
_2rdacarrier
650 _a Artes gráficas
_919721
650 _a Diseño
_92672
700 _aFrescara, Jorge
_e editor
_932886
700 _aMéndez Mosquera, Carlos A.
_eprologuista
_932887
942 _2ddc
_cB
999 _c20444
_d20444